Statistiques concernant Qui est cette célébrité ? #1 Facile

Cliquez ici pour prendre le quiz!

Statistiques générales

  • Ce quiz a été pris 210 fois
  • Le résultat moyen est 9 sur 20

Statistiques - réponses

Réponse% Correct
Kylian Mbappé
98%
Neymar jr
97%
Lionel Messi
96%
Emmanuel Macron
89%
Vladimir Poutine
89%
Elon Musk
77%
Kim Jong-un
77%
Achraf Hakimi
72%
Jeff Bezos
64%
Justin Trudeau
31%
Jisoo
15%
Jungkook
14%
Jimin
11%
Sana
7%
Michael Dell
4%
Alex Ovechkin
3%
Brian Acton
2%
Cole Caufield
2%
Marc-André Fleury
2%
Sidney Crosby
2%

Distribution des résultats

Percentile par nombre de réponses

% des personnes avec chaque résultat

Votre développement - résultats

Vous n’avez pas pris ce quiz